000 01046nam a2200289 i 4500
001 8943
003 KOSZ 005
005 20210216131332.0
008 070910s1969 pl a g 000 0 pol
015 _aPB 1969/4388
040 _aWA N
_cWA N
_dKOSZ 005/RW
041 1 _apol
_hrus
080 _a165:113/119:502
100 1 _aKoršunov, Anatolij Mihajlovič.
_eAutor
245 1 0 _aOd wrażenia do poznania naukowego /
_cAnatol Korszunow ; z ros. tł. Zbigniew Musiał.
246 1 _iTyt. oryg.:
_aPoznanie i deâtel'nost'
260 _aWarszawa :
_b"Wiedza Powszechna",
_c1969.
300 _a133, [2] s. :
_bil. ;
_c18 cm.
380 _aKsiążki.
655 4 _aWydawnictwa popularne
650 4 _aFilozofia przyrody
650 4 _aTeoria poznania
700 1 _aMusiał, Zbigniew
_d(1936- ).
_eTłumaczenie
710 2 _aPaństwowe Wydawnictwo Wiedza Powszechna
_4pbl.
856 _uhttp://koha.tu.koszalin.pl/cgi-bin/koha/opac-detail.pl?biblionumber=8943
_yKatalog online BPK
942 _2UKD
_cKS
999 _c8943
_d8943